000 00512nam a2200169Ia 4500
999 _c14541
_d14541
003 OSt
005 20201016153118.0
008 201016b ||||| |||| 00| 0 eng d
020 _a9788126411177
040 _coclc
082 _a332.1092
_bJOS/H
100 _95841
_aJoseph, K P
245 _aHormis Legend Of a Great Banker With Passion For Development /
_cK P Joseph
260 _aKottayam:
_bDC Books,
_c2005.
300 _a294p
942 _2ddc
_cBK
_h332.1092
_iJOS/H
_k332.1092
_mJOS/H